| 000 | 00588nam a2200229Ia 4500 | ||
|---|---|---|---|
| 003 | GCL | ||
| 008 | 140319s9999 xx 000 0 eng d | ||
| 020 | _a0764550101 | ||
| 040 |
_aGCL / _cGCL |
||
| 082 | 0 | 4 |
_a782.1072 _bP O |
| 100 | 1 | _aPOGUE, DAVID | |
| 245 | 1 | 0 |
_aOPERA FOR DUMMIES / _cPOGUE, DAVID |
| 700 | 1 | _aSPECK, SCOTT | |
| 700 | 1 | _aPINES, ROGER | |
| 260 |
_aنيويورك : _bIDG BOOKS WORLD WIDE ، _c1997 |
||
| 300 |
_a24 CM ؛ _cXX1V, 356 P |
||
| 650 | 0 | 4 | _aOPERA |
| 650 | 0 | 4 | _aVOCAL MUSIC |
| 650 | 0 | 4 | _aTEACHING PIECES |
| 650 | 0 | 4 | _aOPERA - SINGERS |
| 942 |
_2ddc _cBK |
||
| 999 |
_c4585 _d4585 |
||